| 000 | 00433nam a22001697a 4500 | ||
|---|---|---|---|
| 005 | 20221215144927.0 | ||
| 008 | 221215b |||||||| |||| 00| 0 eng d | ||
| 020 | _a978-93-5596-423-6 | ||
| 041 | _aeng | ||
| 082 | _a332.1-PUR-I | ||
| 100 |
_aPURI, V.K.,MISRA ,S.K,AND GARG BHARAT. _97344 |
||
| 245 | _aINDIAN ECONOMY | ||
| 250 | _a40th ed. | ||
| 260 |
_aMUMBAI _bHIMALAYA PUBLISHING HOUSE _c2022 |
||
| 300 | _a818;P. | ||
| 942 | _cBK | ||
| 999 |
_c8046 _d8044 |
||